[Event "Championnat de France - Vétérans"]
[Site "NANCY"]
[Date "2013.08.14"]
[Round "3.6"]
[White "Molet, Asher"]
[Black "Hodot, Yves"]
[Result "1-0"]
[WhiteElo "1769"]
[BlackElo "1928"]
[PlyCount "79"]
[EventDate "2013.??.??"]

1. d4 f5 2. g3 g6 3. Bg2 Bg7 4. c4 Nf6 5. Nc3 c6 6. Nf3 d6 7. O-O O-O 8. Qc2
Na6 9. a3 Qc7 10. b4 Bd7 11. Bb2 e5 12. dxe5 dxe5 13. Rad1 Be6 14. Nb1 Nd7 15.
Ng5 Bf7 16. Nxf7 Rxf7 17. Nd2 Qd8 18. c5 Qf8 19. Nc4 Re7 20. Nd6 Rb8 21. Qc4+
Kh8 22. Nxb7 Rxb7 23. Qxa6 Nxc5 24. Qxc6 Rec7 25. Qd6 Qxd6 26. Rxd6 Rb8 27.
bxc5 Rxb2 28. Rd8+ Bf8 29. Rxf8+ Kg7 30. Rd8 Rxe2 31. Rc1 Ra2 32. c6 Rxa3 33.
Rd7+ Rxd7 34. cxd7 Rd3 35. Rc7 Rd1+ 36. Bf1 Kf6 37. Kg2 h5 38. Bb5 a5 39. Rc8
Ke7 40. Re8+ 1-0

[Event "Championnat de France - Vétérans"]
[Site "NANCY"]
[Date "2013.08.14"]
[Round "3.7"]
[White "Andrieu, Philippe"]
[Black "Guillaumat, Jean-Pierre"]
[Result "1-0"]
[WhiteElo "1925"]
[BlackElo "1863"]
[Annotator "Rivier,Sylvain"]
[PlyCount "143"]
[EventDate "2013.??.??"]

1. c4 c5 2. Nf3 Nf6 3. Nc3 Nc6 4. g3 g6 5. Bg2 Bg7 6. O-O O-O 7. a3 d6 8. Re1
Bg4 9. d3 Qd7 10. Ng5 h6 11. Nge4 Nxe4 12. Bxe4 Nd4 13. Nd5 e6 14. Ne3 Bh3 15.
Bg2 Bxg2 16. Nxg2 b5 17. e3 Nf5 18. g4 Ne7 19. Rb1 b4 20. a4 Nc6 21. b3 Rac8
22. Bb2 e5 23. e4 f5 24. gxf5 gxf5 25. Qh5 Qf7 26. Qxf7+ Rxf7 27. exf5 Rxf5 28.
Ne3 Rf3 29. Re2 Rcf8 30. Nc2 Rxd3 31. Re3 Rd2 32. Ne1 Rdxf2 33. Nd3 R2f3 34.
Rbe1 h5 35. Kg2 Rxe3 36. Rxe3 Kh7 37. Nf2 Bh6 38. Rh3 Rf5 39. Ne4 Bf8 40. Ng3
Rf7 41. Rxh5+ Kg6 42. Bc1 Nd4 43. Rg5+ Kf6 44. Ne4+ Ke7 45. Rg3 Kd7 46. Bg5 Be7
47. h4 Bxg5 48. hxg5 Rg7 49. Rd3 Rg6 50. Kh3 Ke6 51. Kg4 Kf7 52. Rh3 Kg7 53.
Ng3 Ne6 54. Nf5+ Kg8 55. Ne7+ Kg7 56. Nxg6 Kxg6 57. Rh6+ Kf7 58. Rf6+ Ke7 59.
Kh5 e4 60. Kh6 e3 61. Rf1 e2 62. Re1 Nf4 63. Kh7 Kf7 64. Rxe2 Nxe2 65. g6+ Kf6
66. g7 Nf4 67. g8=Q Ne6 68. Kh6 Nd4 69. Qg5+ Ke6 70. Kg6 Kd7 71. Qg2 Ke7 72.
Qh3 {suite illisible} 1-0

[Event "Championnat de France - Vétérans"]
[Site "NANCY"]
[Date "2013.08.14"]
[Round "3.8"]
[White "Audiffren, Roger"]
[Black "Coussot, Jean-Claude"]
[Result "1/2-1/2"]
[WhiteElo "1971"]
[BlackElo "1811"]
[PlyCount "92"]
[EventDate "2013.??.??"]

1. d4 d5 2. Nf3 Nf6 3. e3 c6 4. b3 Ne4 5. Bb2 Bg4 6. Be2 Nd7 7. h3 Bh5 8. O-O
e6 9. a3 Bd6 10. Nbd2 Ndf6 11. c4 O-O 12. c5 Bc7 13. b4 a6 14. Ne5 Bxe2 15.
Qxe2 Nxd2 16. Qxd2 Ne4 17. Qc2 f5 18. Rfe1 Qg5 19. f3 Ng3 20. f4 Qh5 21. Kh2
Ne4 22. Rg1 Rf6 23. g4 fxg4 24. Rxg4 Bxe5 25. dxe5 Rh6 26. Qg2 g6 27. Rg1 Rf8
28. Rf1 Rf5 29. Bc1 Kf7 30. Rf3 Kf8 31. Kg1 g5 32. Bd2 Qf7 33. Be1 gxf4 34.
exf4 Rg6 35. Bg3 h5 36. Rxg6 Qxg6 37. Bh2 Qxg2+ 38. Kxg2 Rf7 39. Rd3 Rg7+ 40.
Kf3 Ke7 41. Rd1 Kf7 42. a4 Nc3 43. Ra1 Kg6 44. Rg1+ Kf7 45. Ra1 Kg6 46. Bg1 Kf7
1/2-1/2

[Event "Championnat de France - Vétérans"]
[Site "NANCY"]
[Date "2013.08.14"]
[Round "3.9"]
[White "Diaferia, Joseph"]
[Black "Marbot, Raymond"]
[Result "0-1"]
[WhiteElo "1612"]
[BlackElo "1823"]
[PlyCount "68"]
[EventDate "2013.??.??"]

1. e4 e6 2. d4 d5 3. Nd2 Nf6 4. exd5 exd5 5. Ngf3 Bd6 6. Bd3 O-O 7. O-O Bg4 8.
h3 Bh5 9. c3 Nbd7 10. Re1 c6 11. Nf1 Qc7 12. Bg5 Rae8 13. g4 Bg6 14. Ne3 Bxd3
15. Qxd3 h6 16. Bxf6 Nxf6 17. Nf5 Bf4 18. Kg2 g6 19. Ne3 Re6 20. c4 Rfe8 21.
cxd5 cxd5 22. g5 hxg5 23. Qb5 Bxe3 24. fxe3 Rxe3 25. Rf1 g4 26. Ne5 Qc2+ 27.
Rf2 gxh3+ 28. Kf1 h2 29. Kg2 Qe4+ 30. Nf3 Qg4+ 31. Kxh2 Rxf3 32. Rxf3 Qxf3 33.
Qf1 Re2+ 34. Kg1 Qg3+ 0-1

[Event "Championnat de France - Vétérans"]
[Site "NANCY"]
[Date "2013.08.14"]
[Round "3.10"]
[White "Viel, Jean-Marc"]
[Black "Fey, Werner"]
[Result "1/2-1/2"]
[WhiteElo "1664"]
[BlackElo "1780"]
[PlyCount "42"]
[EventDate "2013.??.??"]

1. e4 c5 2. Nf3 d6 3. c3 Nf6 4. Bc4 e6 5. Qe2 Nc6 6. d4 Qc7 7. O-O Be7 8. d5
exd5 9. exd5 Na5 10. Bb5+ Bd7 11. Bxd7+ Qxd7 12. b4 Nxd5 13. bxa5 O-O 14. c4
Bf6 15. Bb2 Nf4 16. Qd2 Qg4 17. g3 Qxf3 18. gxf4 Qg4+ 19. Kh1 Qf3+ 20. Kg1 Qg4+
21. Kh1 Qf3+ 1/2-1/2

[Event "Championnat de France - Vétérans"]
[Site "NANCY"]
[Date "2013.08.15"]
[Round "4.1"]
[White "Giffard, Nicolas"]
[Black "Andrieu, Philippe"]
[Result "1-0"]
[WhiteElo "2337"]
[BlackElo "1925"]
[PlyCount "85"]
[EventDate "2013.??.??"]

1. d4 d5 2. c4 Nc6 3. cxd5 Qxd5 4. e3 e5 5. Nc3 Bb4 6. Bd2 Bxc3 7. bxc3 exd4 8.
cxd4 Nf6 9. Ne2 Bf5 10. Nf4 Qd6 11. Bb5 O-O 12. O-O Ne7 13. Rc1 Rac8 14. Qa4 c6
15. Bb4 Qd7 16. Be2 Rfe8 17. Rfd1 Ned5 18. Nxd5 Nxd5 19. Be1 Qe7 20. Bf1 a6 21.
Bd2 Qd6 22. Re1 Re6 23. f3 Rh6 24. g3 Bd7 25. e4 b5 26. Qc2 Nb6 27. Bxh6 Qxh6
28. Qc5 Na4 29. Qa7 Qd6 30. Red1 h5 31. d5 c5 32. e5 Qe7 33. e6 fxe6 34. dxe6
Qxe6 35. Qxd7 Qe3+ 36. Kg2 Nb6 37. Qd2 Qe6 38. Re1 Qf7 39. Bd3 Nd5 40. Be4 Nf6
41. Bf5 Re8 42. Rxe8+ Nxe8 43. Rxc5 1-0

[Event "Championnat de France - Vétérans"]
[Site "NANCY"]
[Date "2013.08.15"]
[Round "4.3"]
[White "Leitner, Walter"]
[Black "Molet, Asher"]
[Result "1-0"]
[WhiteElo "2089"]
[BlackElo "1769"]
[PlyCount "115"]
[EventDate "2013.??.??"]

1. d4 d5 2. Nf3 e6 3. e3 f5 4. Ne5 Nf6 5. Nd2 Nbd7 6. Ndf3 Bd6 7. Bd3 O-O 8.
O-O Qe7 9. b3 Ne4 10. c4 c6 11. Bb2 Rf6 12. g3 Nf8 13. Kg2 Bd7 14. Nxd7 Nxd7
15. Ne5 Rh6 16. f3 Ng5 17. Qe2 Nxe5 18. dxe5 Bc7 19. h4 Nf7 20. f4 Rg6 21. h5
Rh6 22. Rh1 g5 23. Rh2 g4 24. cxd5 cxd5 25. Rc1 Bb6 26. Kf2 Nd8 27. a3 Qf7 28.
Rch1 Rc8 29. b4 Nc6 30. Rh4 Ne7 31. Kg2 Bd8 32. R4h2 Nc6 33. Qd2 Nb8 34. Bd4 b6
35. Kf2 Be7 36. Rc1 Qe8 37. Rxc8 Qxc8 38. Qc2 Qxc2+ 39. Bxc2 Na6 40. Ba4 Kf7
41. Kg2 Nc7 42. Bc6 Ne8 43. Bxe8+ Kxe8 44. Bb2 Kd7 45. b5 Bc5 46. Kf2 Be7 47.
Ke2 Bd8 48. Kd3 Be7 49. a4 Bb4 50. Bd4 Ba5 51. Bc3 Bxc3 52. Kxc3 Kc7 53. Kb4
Kb7 54. a5 a6 55. axb6 Kxb6 56. bxa6 Kxa6 57. Kc5 Kb7 58. Kd6 1-0

[Event "Championnat de France - Vétérans"]
[Site "NANCY"]
[Date "2013.08.15"]
[Round "4.4"]
[White "Marbot, Raymond"]
[Black "Ricter, Jean-Paul"]
[Result "0-1"]
[WhiteElo "1823"]
[BlackElo "2060"]
[Annotator "Rivier,Sylvain"]
[PlyCount "77"]
[EventDate "2013.??.??"]

1. e4 d5 2. exd5 Nf6 3. d4 Nxd5 4. Nf3 e6 5. c4 Nf6 6. Nc3 Be7 7. Bd3 O-O 8.
O-O Nbd7 9. Re1 c5 10. dxc5 Nxc5 11. Bc2 Bd7 12. b4 Na6 13. a3 Rc8 14. Qd3 Nb8
15. Bg5 g6 16. Rad1 Qc7 17. Bb3 Bc6 18. Bxf6 Bxf6 19. Ne4 Bg7 20. Qd6 Qxd6 21.
Rxd6 Rfd8 22. Rxd8+ Rxd8 23. Ned2 Bc3 24. Rd1 b6 25. Nb1 Rxd1+ 26. Bxd1 Bb2 27.
Nfd2 Kf8 28. Kf1 Ke7 29. Bf3 Ba4 30. Ke2 Nd7 31. Ke1 Ne5 32. Be2 f5 33. f4 Nc6
34. Bd1 Bxd1 35. Kxd1 Nd4 36. Nf1 h6 37. Kd2 g5 38. Ne3 Ba1 39. Nc3 {suite
illisible} 0-1

[Event "Championnat de France - Vétérans"]
[Site "NANCY"]
[Date "2013.08.15"]
[Round "4.5"]
[White "Tholey, Jean-Paul"]
[Black "Audiffren, Roger"]
[Result "1-0"]
[WhiteElo "1884"]
[BlackElo "1971"]
[PlyCount "35"]
[EventDate "2013.??.??"]

1. d4 f5 2. e4 fxe4 3. Nc3 Nf6 4. Bg5 Nc6 5. d5 Ne5 6. Qd4 Nf7 7. Bxf6 exf6 8.
Nxe4 Qe7 9. O-O-O Qb4 10. Nf3 Qa5 11. Bc4 Be7 12. Rhe1 O-O 13. d6 cxd6 14. Nxd6
Bxd6 15. Qxd6 Qd8 16. Re7 a5 17. Rde1 b5 18. Bxf7+ 1-0

[Event "Championnat de France - Vétérans"]
[Site "NANCY"]
[Date "2013.08.15"]
[Round "4.6"]
[White "Jouhaneau, Jacques"]
[Black "Degrave, Jack"]
[Result "0-1"]
[WhiteElo "1799"]
[BlackElo "1961"]
[PlyCount "96"]
[EventDate "2013.??.??"]

1. c4 f5 2. Nc3 Nf6 3. Nf3 e6 4. g3 d5 5. cxd5 exd5 6. e3 c6 7. Bg2 Bd6 8. a3
O-O 9. O-O Nbd7 10. b4 Ne4 11. Bb2 Ne5 12. Nxe5 Bxe5 13. Qc2 Qd6 14. d4 Bf6 15.
Ne2 Bd7 16. Nf4 Rae8 17. Rad1 Re7 18. Qb3 g5 19. Nd3 g4 20. a4 h5 21. b5 Rh7
22. Ba3 Qb8 23. Bxf8 Qxf8 24. Bxe4 fxe4 25. Nc5 Be8 26. Nxe4 Bd8 27. bxc6 Bxc6
28. Nd2 h4 29. Qc2 Qh6 30. Qf5 hxg3 31. Qxg4+ Rg7 32. Qxg3 Bc7 33. f4 Bxa4 34.
Rc1 Bc6 35. Nf3 Rxg3+ 36. hxg3 Ba5 37. Kg2 a6 38. Rh1 Qg6 39. Ne5 Qe4+ 40. Kf2
Bd2 41. Ng4 Kg7 42. Rcd1 Bb5 43. Rh2 Qd3 44. Kf3 Qe4+ 45. Kf2 Qc2 46. Rdh1
Bxe3+ 47. Kxe3 Qe4+ 48. Kf2 Qe2+ 0-1

[Event "Championnat de France - Vétérans"]
[Site "NANCY"]
[Date "2013.08.15"]
[Round "4.8"]
[White "Alexander, Christian"]
[Black "Belluire, Patrice"]
[Result "0-1"]
[WhiteElo "1797"]
[BlackElo "1899"]
[Annotator "Rivier,Sylvain"]
[PlyCount "65"]
[EventDate "2013.??.??"]

1. e4 d5 2. exd5 Nf6 3. d4 Nxd5 4. c3 Bf5 5. Bg5 Qd6 6. Nf3 Nc6 7. Na3 h6 8.
Bh4 Qe6+ 9. Be2 Nf4 10. Kf1 Qg6 11. Bg3 Nxe2 12. Kxe2 Qe6+ 13. Kd2 O-O-O 14.
Re1 Qd7 15. Qa4 e5 16. Rad1 exd4 17. Nxd4 Nxd4 18. Qxd7+ Bxd7 19. cxd4 Bb4+ 20.
Kd3 Bf5+ 21. Kc4 Bxe1 22. Rxe1 Be6+ 23. Kc3 Bd5 24. f3 Rhe8 25. b3 Rxe1 26.
Bxe1 Re8 27. Kd2 Re6 28. Nc2 c6 29. Bg3 Re8 30. Ne3 Re6 31. f4 f5 32. Bh4 Kd7
33. h3 {suite illisible} 0-1

[Event "Championnat de France - Vétérans"]
[Site "NANCY"]
[Date "2013.08.15"]
[Round "4.9"]
[White "Peyrin, Jean"]
[Black "Pontier, Armand"]
[Result "1-0"]
[WhiteElo "1899"]
[BlackElo "1786"]
[Annotator "Rivier,Sylvain"]
[PlyCount "119"]
[EventDate "2013.??.??"]

1. d4 d5 2. c4 c6 3. Nc3 Nf6 4. Nf3 Nbd7 5. cxd5 Nxd5 6. e4 Nxc3 7. bxc3 e6 8.
Bd3 Be7 9. O-O O-O 10. Qc2 Re8 11. Bf4 c5 12. d5 exd5 13. exd5 Nf6 14. c4 h6
15. Rab1 Bd6 16. Qd2 Qc7 17. Bg3 b6 18. Qc2 Bd7 19. Rbd1 a6 20. a4 Rab8 21. Nd2
b5 22. axb5 axb5 23. cxb5 Nxd5 24. Bxd6 Qxd6 25. Ne4 Qb6 26. Qxc5 Qxc5 27. Nxc5
Bc8 28. Rfe1 Kf8 29. Rxe8+ Kxe8 30. Rb1 Nb6 31. Be4 Bd7 32. Nxd7 Kxd7 33. Bc6+
Kc7 34. g3 Nc8 35. Re1 Kd8 36. Rd1+ Ke7 37. Rd7+ Kf6 38. Rd8 Ke7 39. Re8+ Kd6
40. h4 Kc7 41. h5 Nd6 42. Re7+ Kb6 43. Rd7 Kc5 44. g4 Rf8 45. Kg2 Nxb5 46. Bxb5
Kxb5 47. Kf3 Kc6 48. Rd2 Kc7 49. Kf4 Rd8 50. Rc2+ Kd6 51. Kf5 Ke7 52. f4 Rd5+
53. Ke4 Rd6 54. Rc5 Re6+ 55. Kf3 Kd6 56. Rc8 g5 57. hxg6 fxg6 58. Rh8 g5 59. f5
Ke7 60. fxe6 1-0

[Event "Championnat de France - Vétérans"]
[Site "NANCY"]
[Date "2013.08.15"]
[Round "4.10"]
[White "Fey, Werner"]
[Black "Rosenfeld, Imre"]
[Result "0-1"]
[WhiteElo "1780"]
[BlackElo "1896"]
[PlyCount "86"]
[EventDate "2013.??.??"]

1. e4 c6 2. d4 d5 3. Nc3 dxe4 4. Nxe4 Bf5 5. Ng3 Bg6 6. Bc4 e6 7. N1e2 Nf6 8.
Nf4 Nd5 9. O-O Nxf4 10. Bxf4 Bd6 11. Bxd6 Qxd6 12. c3 Nd7 13. h4 h6 14. Re1 O-O
15. Bd3 Bxd3 16. Qxd3 Rad8 17. Qe3 Nf6 18. Ne4 Nxe4 19. Qxe4 Qd5 20. Qxd5 cxd5
21. Red1 a6 22. a4 b6 23. c4 dxc4 24. Rac1 Rc8 25. d5 exd5 26. Rxd5 Rc6 27. b4
c3 28. b5 axb5 29. axb5 Rc7 30. Rd6 c2 31. Rc6 Rxc6 32. bxc6 Rc8 33. Rxc2 Rc7
34. h5 Kf8 35. Rc3 f6 36. f4 Ke7 37. Kf2 Kd6 38. Ke3 Rxc6 39. Ra3 b5 40. Ke4 b4
41. Rd3+ Kc5 42. Rd7 b3 43. Rb7 Rb6 0-1

[Event "Championnat de France - Vétérans"]
[Site "NANCY"]
[Date "2013.08.16"]
[Round "5.1"]
[White "Goldenberg, Richard"]
[Black "Giffard, Nicolas"]
[Result "1/2-1/2"]
[WhiteElo "2301"]
[BlackElo "2337"]
[PlyCount "28"]
[EventDate "2013.??.??"]

1. e4 c5 2. Nf3 Nc6 3. d4 cxd4 4. Nxd4 Nf6 5. Nc3 e5 6. Ndb5 d6 7. Bg5 g6 8.
Na3 b5 9. Nd5 Qa5+ 10. Bd2 Qd8 11. Bg5 Qa5+ 12. Bd2 Qd8 13. Bg5 Qa5+ 14. Bd2
Qd8 1/2-1/2

[Event "Championnat de France - Vétérans"]
[Site "NANCY"]
[Date "2013.08.16"]
[Round "5.2"]
[White "Ricter, Jean-Paul"]
[Black "Leitner, Walter"]
[Result "1-0"]
[WhiteElo "2060"]
[BlackElo "2089"]
[Annotator "Rivier,Sylvain"]
[PlyCount "83"]
[EventDate "2013.??.??"]

1. c4 c6 2. Nf3 d5 3. b3 Nf6 4. Bb2 e6 5. g3 Be7 6. Bg2 O-O 7. O-O Nbd7 8. d3
b6 9. Nbd2 Bb7 10. Rc1 Rc8 11. Rc2 c5 12. e3 Rc7 13. Qa1 Qa8 14. cxd5 Bxd5 15.
e4 Bb7 16. Nc4 Rd8 17. Rd1 Nf8 18. Nce5 Ne8 19. h4 f6 20. Nc4 Rcd7 21. Rcd2 Nd6
22. Ne3 h5 23. Bh3 Ne8 24. Nc2 Bd6 25. Re1 Re7 26. Qd1 g6 27. Nh2 e5 28. Nf1
Bc8 29. Kh2 Bxh3 30. Kxh3 Qc8+ 31. Kh2 Qe6 32. Nce3 Nc7 33. f3 Red7 34. Rde2
Qf7 35. Rg2 Nfe6 36. a3 Bf8 37. Nc2 Bh6 38. Nce3 Nd4 39. g4 Bf4+ 40. Kh1 hxg4
41. Bxd4 cxd4 42. Nxg4 {suite illisible} 1-0

[Event "Championnat de France - Vétérans"]
[Site "NANCY"]
[Date "2013.08.16"]
[Round "5.3"]
[White "Degrave, Jack"]
[Black "Tholey, Jean-Paul"]
[Result "1-0"]
[WhiteElo "1961"]
[BlackElo "1884"]
[PlyCount "59"]
[EventDate "2013.??.??"]

1. e4 e6 2. d4 d5 3. Nc3 Nf6 4. e5 Nfd7 5. f4 c5 6. Nf3 Nc6 7. Be3 Qb6 8. Na4
Qa5+ 9. c3 c4 10. b4 Qc7 11. Be2 Be7 12. O-O O-O 13. Ng5 b5 14. Nc5 Nxc5 15.
bxc5 a5 16. Qb1 Bxg5 17. fxg5 b4 18. Qc2 Bd7 19. Rf3 Ne7 20. Raf1 bxc3 21. Rh3
Ng6 22. Bd1 Rfb8 23. Qe2 Be8 24. Bc2 Rb2 25. Qh5 Rxc2 26. Qxh7+ Kf8 27. Qxg6
Rxa2 28. Qxe6 Kg8 29. g6 fxe6 30. Rh8+ 1-0

[Event "Championnat de France - Vétérans"]
[Site "NANCY"]
[Date "2013.08.16"]
[Round "5.4"]
[White "Rosenfeld, Imre"]
[Black "Tilquin, Jean-Pierre"]
[Result "0-1"]
[WhiteElo "1896"]
[BlackElo "1968"]
[PlyCount "110"]
[EventDate "2013.??.??"]

1. d4 Nf6 2. Nf3 g6 3. Bg5 Bg7 4. Nbd2 O-O 5. c3 h6 6. Bh4 d5 7. e3 Bf5 8. Qb3
Nbd7 9. c4 dxc4 10. Bxc4 Nb6 11. Be2 Ne4 12. O-O g5 13. Nxe4 Bxe4 14. Bg3 c6
15. Rfd1 Qd5 16. Qxd5 Bxd5 17. b3 Nd7 18. Rac1 f5 19. Bc4 e6 20. Kf1 Rae8 21.
Bd6 Rf7 22. Bxd5 exd5 23. b4 Re6 24. Bg3 f4 25. exf4 gxf4 26. Bh4 Nb6 27. Re1
Re4 28. Red1 Nc4 29. Rb1 a6 30. a4 Rf8 31. b5 axb5 32. axb5 Na3 33. Rb3 Nxb5
34. h3 Ra8 35. g3 Ra4 36. gxf4 Rxf4 37. Bg3 Re4 38. Kg2 Bxd4 39. Nxd4 Rexd4 40.
Rg1 Kf7 41. Rf3+ Ke6 42. Kh1 Re4 43. Bh2 d4 44. Rg7 Ra3 45. Rg6+ Kd5 46. Rf5+
Kc4 47. Bf4 Rf3 48. Rgf6 Rxf2 49. Kg1 Rc2 50. Bxh6 Re1+ 51. Rf1 Rxf1+ 52. Kxf1
d3 53. Ke1 Rh2 54. Rf4+ Kb3 55. h4 d2+ 0-1

[Event "Championnat de France - Vétérans"]
[Site "NANCY"]
[Date "2013.08.16"]
[Round "5.5"]
[White "Dubreuil, Remy"]
[Black "Hodot, Yves"]
[Result "1-0"]
[WhiteElo "1817"]
[BlackElo "1928"]
[PlyCount "49"]
[EventDate "2013.??.??"]

1. d4 f5 2. e4 fxe4 3. Nc3 Nf6 4. Bg5 c5 5. Bxf6 exf6 6. dxc5 Qa5 7. Qh5+ g6 8.
Qd5 Nc6 9. O-O-O Ne7 10. Qd4 Bg7 11. Bc4 Kd8 12. Be6 Nc6 13. Qd2 Ne5 14. Nf3
Re8 15. Nxe5 Rxe6 16. Nf7+ Ke7 17. Nd5+ Kxf7 18. Qxa5 b6 19. cxb6 Bb7 20. Nc7
axb6 21. Rxd7+ Re7 22. Rxe7+ Kxe7 23. Qb4+ Kd7 24. Nxa8 Bxa8 25. Rd1+ 1-0

[Event "Championnat de France - Vétérans"]
[Site "NANCY"]
[Date "2013.08.16"]
[Round "5.6"]
[White "Andrieu, Philippe"]
[Black "Cortes, Jaime"]
[Result "1-0"]
[WhiteElo "1925"]
[BlackElo "1892"]
[PlyCount "79"]
[EventDate "2013.??.??"]

1. c4 e5 2. Nc3 Nf6 3. g3 c6 4. Bg2 Be7 5. Nf3 d6 6. O-O O-O 7. Qc2 Na6 8. a3
Nc7 9. d4 exd4 10. Nxd4 d5 11. cxd5 Ncxd5 12. Bg5 h6 13. Nxd5 Nxd5 14. Bxe7
Nxe7 15. Rfd1 Qa5 16. Nb3 Qe5 17. Nc5 Nd5 18. e4 Nf6 19. Rd2 b6 20. Nd3 Qc7 21.
e5 Ng4 22. Qxc6 Qxc6 23. Bxc6 Rb8 24. h3 Rd8 25. hxg4 Bxg4 26. f3 Rbc8 27. Be4
Rd4 28. Kf2 Rcd8 29. Ke3 Be6 30. Rad1 Bb3 31. Nf4 Bxd1 32. Rxd4 Rxd4 33. Kxd4
Kf8 34. Bc6 b5 35. Nd3 Ke7 36. Nb4 h5 37. Be4 a5 38. Nd5+ Ke6 39. Nb6 h4 40.
gxh4 1-0

[Event "Championnat de France - Vétérans"]
[Site "NANCY"]
[Date "2013.08.16"]
[Round "5.7"]
[White "Belluire, Patrice"]
[Black "Guillaumat, Jean-Pierre"]
[Result "1/2-1/2"]
[WhiteElo "1899"]
[BlackElo "1863"]
[PlyCount "91"]
[EventDate "2013.??.??"]

1. e4 c5 2. Nf3 e6 3. d4 cxd4 4. Nxd4 a6 5. c4 Qc7 6. a3 Nf6 7. Nc3 b6 8. Bd3
Nc6 9. Nxc6 dxc6 10. f4 e5 11. f5 Bb7 12. Be3 Rd8 13. Qe2 Be7 14. Bc2 h5 15. h3
Nd7 16. O-O Nf6 17. Qf2 c5 18. Rad1 O-O 19. Qg3 Kh7 20. Qh4 Rd4 21. Nd5 Bxd5
22. cxd5 Rxd1 23. Rxd1 Rh8 24. Bg5 Qd6 25. Bxf6 Bxf6 26. Qxh5+ Kg8 27. Qe2 b5
28. a4 c4 29. axb5 axb5 30. Ra1 g6 31. fxg6 fxg6 32. Qg4 Kf7 33. Ra7+ Be7 34.
Rd7 Qb6+ 35. Kh2 Rd8 36. Rxd8 Bxd8 37. Qd7+ Be7 38. Bd1 b4 39. Ba4 Qd8 40. Qe6+
Kg7 41. Qc6 Qa5 42. Qd7 Qc5 43. Qe6 Qd6 44. Qc8 Qc5 45. Qe6 Qd6 46. Qc8 1/2-1/2

[Event "Championnat de France - Vétérans"]
[Site "NANCY"]
[Date "2013.08.16"]
[Round "5.8"]
[White "Molet, Asher"]
[Black "Peyrin, Jean"]
[Result "0-1"]
[WhiteElo "1769"]
[BlackElo "1899"]
[Annotator "Rivier,Sylvain"]
[PlyCount "110"]
[EventDate "2013.??.??"]

1. d4 Nf6 2. Nf3 e6 3. Bg5 h6 4. Bh4 c5 5. c3 b6 6. e4 g5 7. Bg3 cxd4 8. Bxb8
Rxb8 9. e5 Nd5 10. cxd4 Bb4+ 11. Nfd2 Bb7 12. a3 Be7 13. Nc3 Rc8 14. Rc1 Nxc3
15. Rxc3 Rxc3 16. bxc3 Qc7 17. Qc1 d6 18. Bb5+ Bc6 19. Bxc6+ Qxc6 20. O-O dxe5
21. dxe5 Qd5 22. Re1 O-O 23. a4 Rd8 24. Nf1 Bc5 25. h4 Be7 26. c4 Qd3 27. hxg5
Bxg5 28. Ne3 Bxe3 29. Rxe3 Qd1+ 30. Re1 Qxc1 31. Rxc1 Rd4 32. g3 Kh7 33. Kg2
Kg6 34. f4 h5 35. Kf3 Rd3+ 36. Ke4 Rxg3 37. c5 bxc5 38. Rxc5 Ra3 39. Ra5 h4 40.
Ra6 Kg7 41. f5 exf5+ 42. Kxf5 h3 43. e6 fxe6+ 44. Rxe6 h2 45. Re7+ Kh6 46. Re8
Kg7 47. Re7+ Kf8 48. Rh7 Ra2 49. Kf6 Kg8 50. Rh4 Rf2+ 51. Ke6 Kg7 52. Ke7 Kg6
53. Kd6 Kg5 54. Rh8 Rf6+ 55. Ke5 Rh6 0-1

[Event "Championnat de France - Vétérans"]
[Site "NANCY"]
[Date "2013.08.16"]
[Round "5.9"]
[White "Maury, Claude"]
[Black "Ferrandi, Bernard"]
[Result "1-0"]
[WhiteElo "1840"]
[BlackElo "1765"]
[PlyCount "95"]
[EventDate "2013.??.??"]

1. d4 f5 2. b3 g6 3. Bb2 Bg7 4. Nf3 c6 5. e3 Nf6 6. Nbd2 d6 7. Bd3 Qc7 8. c4
O-O 9. Qc2 a5 10. O-O Nbd7 11. Rfe1 e5 12. dxe5 dxe5 13. e4 f4 14. c5 Re8 15.
Ng5 Nf8 16. Nc4 h6 17. Nf3 N6h7 18. Nd6 Re7 19. a4 Bg4 20. Nd2 Rd8 21. f3 Be6
22. N2c4 Bxc4 23. Bxc4+ Kh8 24. Rad1 Ng5 25. Qf2 Red7 26. Qh4 Kh7 27. Qg4 b6
28. h4 Nxe4 29. fxe4 bxc5 30. h5 Rxd6 31. hxg6+ Nxg6 32. Rxd6 Qxd6 33. Bc3 Qc7
34. Re2 Rd1+ 35. Kh2 Qd8 36. Bf7 Nh4 37. Be1 Qf6 38. Be6 Rd6 39. Bxh4 Qxe6 40.
Qxe6 Rxe6 41. Be1 Rd6 42. Bxa5 Rd3 43. Rb2 Re3 44. Bb6 Bf8 45. a5 Rxe4 46. a6
Rd4 47. a7 Rd8 48. Bxd8 1-0

[Event "Championnat de France - Vétérans"]
[Site "NANCY"]
[Date "2013.08.16"]
[Round "5.10"]
[White "Talamon, Jerome"]
[Black "Marbot, Raymond"]
[Result "0-1"]
[WhiteElo "1672"]
[BlackElo "1823"]
[PlyCount "99"]
[EventDate "2013.??.??"]

1. Nf3 Nf6 2. d4 e6 3. e3 d5 4. Bd3 c5 5. b3 Nc6 6. Bb2 Be7 7. a3 Qb6 8. dxc5
Qxc5 9. O-O O-O 10. b4 Qb6 11. Nc3 a6 12. Na4 Qc7 13. c4 dxc4 14. Bc2 b5 15.
Nc3 Bb7 16. Qe2 Bd6 17. h3 Ne7 18. Nd2 Ng6 19. Nde4 Nxe4 20. Nxe4 Be7 21. Bc3
Qc6 22. f3 f5 23. Ng3 Rf7 24. Nh5 Nf8 25. Bxg7 Rxg7 26. Nxg7 Kxg7 27. Qf2 Ng6
28. Rad1 Rg8 29. g3 Ne5 30. e4 a5 31. f4 Nd3 32. Bxd3 cxd3 33. Qd4+ Kf7 34.
Rxd3 axb4 35. axb4 Rd8 36. Qc3 Qxe4 37. Rdf3 Bxb4 38. Qc7+ Be7 39. Qc3 Ra8 40.
Qd3 Qc4 41. R3f2 Bd5 42. Qe2 Kg7 43. Qe5+ Bf6 44. Qd6 Qe4 45. Kh2 Rd8 46. Qc7+
Kg6 47. g4 fxg4 48. hxg4 Rf8 49. g5 Bd4 50. f5+ 0-1

[Event "Championnat de France - Vétérans"]
[Site "NANCY"]
[Date "2013.08.18"]
[Round "6.1"]
[White "Giffard, Nicolas"]
[Black "Ricter, Jean-Paul"]
[Result "1-0"]
[WhiteElo "2337"]
[BlackElo "2060"]
[PlyCount "79"]
[EventDate "2013.??.??"]

1. d4 d6 2. Nf3 Nf6 3. g3 g6 4. Bg2 Bg7 5. O-O O-O 6. c4 Nbd7 7. Nc3 e5 8. e4
c6 9. Re1 Qc7 10. h3 b6 11. b3 Bb7 12. Ba3 Rfe8 13. Rc1 Rad8 14. d5 c5 15. Rc2
Kh8 16. Bc1 Ng8 17. Ng5 Rf8 18. f4 h6 19. Nf3 Bc8 20. Be3 Rde8 21. Qc1 Kh7 22.
Bf2 Ngf6 23. Rce2 Nh5 24. Nd1 f5 25. exf5 gxf5 26. Nh4 Ndf6 27. fxe5 dxe5 28.
Qc2 e4 29. Ne3 Qe5 30. Nf1 Rg8 31. Re3 Bh8 32. Kh1 Qd6 33. g4 Nf4 34. Bg3 Nxg4
35. hxg4 Rxg4 36. Bxe4 fxe4 37. Rxe4 Rxh4+ 38. Bxh4 Rxe4 39. Rxe4 Qg6 40. Re7+
1-0

[Event "Championnat de France - Vétérans"]
[Site "NANCY"]
[Date "2013.08.18"]
[Round "6.2"]
[White "Leitner, Walter"]
[Black "Goldenberg, Richard"]
[Result "1/2-1/2"]
[WhiteElo "2089"]
[BlackElo "2301"]
[PlyCount "79"]
[EventDate "2013.??.??"]

1. d4 Nf6 2. Nf3 c5 3. e3 e6 4. Bd3 b6 5. Nbd2 Bb7 6. O-O Nc6 7. c3 Be7 8. Re1
cxd4 9. exd4 O-O 10. Ne4 Rc8 11. Bf4 d6 12. h3 Re8 13. Qe2 g6 14. Rad1 Nxe4 15.
Bxe4 Bf6 16. h4 Qc7 17. h5 e5 18. dxe5 Nxe5 19. hxg6 hxg6 20. Bxb7 Qxb7 21. Nd4
a6 22. Nc2 d5 23. Bxe5 Bxe5 24. Qf3 Rcd8 25. Rd3 Qc8 26. Rxd5 Rxd5 27. Qxd5 Qf5
28. Ne3 Bh2+ 29. Kf1 Qf4 30. Qd4 Re4 31. Qd2 Qh4 32. Ke2 Bf4 33. Kd1 Bxe3 34.
Rxe3 Rxe3 35. Qxe3 b5 36. Qe8+ Kg7 37. Qe5+ Kg8 38. Qe8+ Kg7 39. Qe5+ Kg8 40.
Qe8+ 1/2-1/2

[Event "Championnat de France - Vétérans"]
[Site "NANCY"]
[Date "2013.08.18"]
[Round "6.3"]
[White "Tilquin, Jean-Pierre"]
[Black "Andrieu, Philippe"]
[Result "0-1"]
[WhiteElo "1968"]
[BlackElo "1925"]
[PlyCount "96"]
[EventDate "2013.??.??"]

1. d4 d5 2. c4 Nc6 3. Nf3 Bg4 4. Nc3 e6 5. cxd5 exd5 6. Bf4 Nf6 7. e3 Be7 8.
Be2 O-O 9. h3 Bf5 10. O-O Re8 11. Ne5 Bd6 12. Bb5 Bd7 13. Nxc6 bxc6 14. Bxd6
cxd6 15. Be2 Rb8 16. b3 Re6 17. Qd3 Qe7 18. Rab1 Ne4 19. Bg4 Rg6 20. Bxd7 Qxd7
21. Nxe4 dxe4 22. Qxe4 Re8 23. Qf3 Ree6 24. Kh2 d5 25. Qf4 h6 26. Rbc1 Re4 27.
Qf3 Rf6 28. Qe2 Qe7 29. Rc3 Rxd4 30. Qc2 Qd6+ 31. g3 Re4 32. Kg2 Ree6 33. Rd1
Qe5 34. Rd4 Qh5 35. g4 Qh4 36. Rxd5 Rg6 37. Rd4 h5 38. f3 hxg4 39. fxg4 Rh6 40.
e4 Qf6 41. Rcd3 Qe5 42. Rc4 Reg6 43. Qd1 Rf6 44. Qe2 Rf4 45. Rf3 Rxg4+ 46. Kf2
Qh2+ 47. Ke3 Rg2 48. Qd1 Rd6 0-1